000 01199nam a2200337 a 4500
001 ebr10226731
003 CaPaEBR
005 20170224103355.0
006 m u
007 cr cn|||||||||
008 071109s2007 njua s 001 0 eng
010 _z 2007941223
020 _z0789563533
035 _a(OCoLC)608622436
040 _aCaPaEBR
_cCaPaEBR
050 1 4 _aZ253.532.M53
_bM58 2007eb
100 1 _aMcCarter, Jim.
245 1 0 _aMicrosoft Publisher 2007 for dummies
_h[electronic resource] /
_cby Jim McCarter and Jacqui Salerno Mabin.
250 _a1st ed.
260 _aHoboken :
_bWiley,
_c2007.
300 _axviii, 366 p. :
_bill.
500 _aIncludes index.
533 _aElectronic reproduction.
_bPalo Alto, Calif. :
_cebrary,
_d2013.
_nAvailable via World Wide Web.
_nAccess may be limited to ebrary affiliated libraries.
630 0 0 _aMicrosoft Publisher.
650 0 _aDesktop publishing.
655 7 _aElectronic books.
_2local
700 1 _aMabin, Jacqui Salerno.
710 2 _aebrary, Inc.
856 4 0 _uhttp://site.ebrary.com/lib/rucke/Doc?id=10226731
_zAn electronic book accessible through the World Wide Web; click to view
942 _2lcc
_cBK
999 _c255666
_d255665